[Event "Linares"]
[Site "Linares, Spain"]
[Date "2000.03.09"]
[Round "9"]
[White "Anand"]
[Black "Khalifman"]
[Result "1-0"]
[WhiteElo "2769"]
[BlackElo "2656"]
[Annotator "GM Einar Gausel/Mindzine"]

1. e4 e6 2. d4 d5 3. Nc3 Bb4 4. e5 c5 5. a3 Ba5 {I must admit I find it a bit
odd that Khalfiman insists on debating this variation. True, he's used it to
secure draws against Leko and Kasparov, but both games were uphill battles for
Black.} 6. b4 {Leko got a substantial plus with 6.Qg4, and Kasparov also
gained an edge with 6.Bd2. Anand chooses the main road.} 6... cxd4 7. Qg4 Ne7
8. bxa5 dxc3 9. Qxg7 Rg8 10. Qxh7 Nbc6 11. f4 Qxa5 12. Nf3 Bd7 13. Rb1 O-O-O
14. Qd3 {White is clearly behind in development, but he does have the two
bishops and a passed h-pawn.} 14... Nf5 $6 ({Theory recommends} 14... d4) 15.
Rg1 d4 16. g4 Nfe7 $6 {Why not Ne3 immediately?} 17. Rg3 Be8 18. h4 Nf5 19. Rg1
Ne3 {Khalifman finally decides to force Anand to open up, clearly banking on
his superior piece coordination.} 20. Bxe3 dxe3 21. Qxe3 Ne7 22. Bc4 Bc6 $2 ({
I think this is asking too much. Black could have kept his c-pawn (his only
soldier in enemy territory)with} 22... Kb8 23. Rb3 Rc8 {, since} 24. Qxc3 {
loses a piece after} 24... Qxc3+ 25. Rxc3 b5) 23. Rb3 Kb8 24. Qxc3 Qc7 25. Be2
Nd5 {Yes, Black has a substantial initiative, but is it really worth two
pawns? I doubt it.} 26. Qc4 Qa5+ 27. Kf2 Ba4 28. Rb2 Rc8 29. Qd4 Rc3 30. Bd3
Rgc8 31. Rc1 Rd8 32. Rcb1 Bc6 33. Rb3 $5 {
This looks extremely risky, but Anand has obviously done some deep calculation.
} 33... Rxb3 34. Rxb3 Nf6 35. Qb4 Nxg4+ 36. Kg3 Qd5 37. Bh7 $1 ({I'll bet Khali
fman had missed this move, which leaves Nf3 protected and at the same time
prevents Rg8.} 37. Bc4 $2 Qd1 38. Kxg4 Rg8+ 39. Kh5 Bxf3+ 40. Kh6 Qg1 {
and White gets mated up a tree.}) 37... Qd1 {
At this point Khalifman only had a few seconds left to reach move 40.} 38. Kxg4
Rd2 {Nice try, but unfortunately no cigar.} 39. Kg5 Bxf3 40. Bd3 Rg2+ 41. Kf6 {
This king is completely safe here (and excellently placed for an endgame!)
since Black is unable to bring his forces back home.} 41... a6 42. Rb1 {
resigns. Black will have to trade queens with Qd2, and the endgame iscompletely
hopeless for him.} 1-0

[Event "Linares"]
[Site "Linares, Spain"]
[Date "2000.03.10"]
[Round "10"]
[White "Khalifman"]
[Black "Shirov"]
[Result "1/2-1/2"]
[WhiteElo "2656"]
[BlackElo "2751"]
[Annotator "GM Einar Gausel/Mindzine"]

1. d4 d5 2. c4 c6 3. Nf3 Nf6 4. Nc3 dxc4 5. a4 Bf5 6. e3 e6 7. Bxc4 Bb4 8. O-O
Nbd7 9. Qe2 O-O ({After} 9... Bg6 {
White can issue a very interesting gambit with} 10. e4 Bxc3 11. bxc3 Nxe4 12.
Ba3 {. Sooner or later Black will have to castle queenside, and this will give
White good attacking chances along the half open b-file. Black's safest option
is to ignore the pawn and play 10...0-0, transposing into the game.}) 10. e4
Bg6 11. Bd3 h6 12. Bf4 Re8 {Possibly intending Bh5 followed by e6-e5.} 13. h3
a6 14. e5 {This new move is no improvement over the standard 14.Rad1. Black
now achieves comfortable equality.} 14... Nd5 15. Nxd5 Bxd3 16. Qxd3 cxd5 17.
Rfc1 {draw agreed. Black has no problems after Qb6 followed by Rac8. One could
actually argue that he's slightly better because of his superior pawn
structure and "good" bishop, but he really doesn't have much hope of winning
since White's main weakness, the d4-pawn, is easily defended.} 1/2-1/2

[Event "Linares"]
[Site "Linares, Spain"]
[Date "2000.03.10"]
[Round "10"]
[White "Kramnik"]
[Black "Leko"]
[Result "1/2-1/2"]
[WhiteElo "2758"]
[BlackElo "2725"]
[Annotator "GM Einar Gausel/Mindzine"]

1. d4 Nf6 2. Nf3 c5 3. d5 g6 4. Nc3 Bg7 5. e4 d6 {
This position can also arise in the Pirc.} 6. Bb5+ Bd7 7. a4 O-O 8. O-O Bxb5 9.
axb5 Nbd7 {Black has a fairly sound position, although somewhat lacking in
dynamic potential since he's been deprived of the thematic breaks e7-e6 and
b7-b5.} 10. Qe2 Ne8 11. Bf4 {White is preparing e4-e5.} 11... Nc7 12. Rfd1 a6
13. bxa6 Nxa6 14. e5 dxe5 15. Nxe5 Nxe5 16. Bxe5 Bxe5 17. Qxe5 Qd6 18. Qg5 (18.
Qxd6 exd6 19. Nb5 Rad8 20. c4 {gives White a nice little edge due to the
weakness on d6, but Kramnik wants more.}) 18... Nc7 19. Ne4 $2 ({
I think Kramnik could have maintained a substantial plus with} 19. Rxa8 Rxa8
20. h4 {which gives him good attacking chances and the bonus threat of Ne4.})
19... Rxa1 20. Rxa1 f6 (20... Qxd5 21. Qxe7 Qc6 22. c4 {
and White's pieces dominate the board.}) 21. Nxd6 {There was no other option.}
21... fxg5 22. Nxb7 Rb8 23. Na5 (23. Nxc5 Rxb2 24. c4 Rc2 {
is absolutely nothing for White.}) 23... Rxb2 24. c4 Rc2 25. h3 Ne8 26. Nc6 {
draw agreed.} ({The position is completely equal after} 26. Nc6 Rxc4 27. Nxe7+
(27. Ra8 Kf8) 27... Kf8 28. Nc6 Rc2 {. White can try to get active with} 29.
Ra8 Rd2 30. Rd8 {, but Black's c-pawn gives him sufficient counterplay after}
30... c4) 1/2-1/2

[Event "Linares"]
[Site "Linares, Spain"]
[Date "2000.03.10"]
[Round "10"]
[White "Kasparov"]
[Black "Anand"]
[Result "1/2-1/2"]
[WhiteElo "2851"]
[BlackElo "2769"]
[Annotator "GM Einar Gausel/Mindzine"]

1. e4 e5 2. Nf3 Nf6 3. Nxe5 d6 4. Nf3 Nxe4 5. d4 d5 6. Bd3 Nc6 7. O-O Be7 8. c4
Nb4 9. Be2 O-O 10. Nc3 b6 {
Anand sees no shame in adopting Vladimir Kramnik's latest invention.} 11. a3
Nxc3 12. bxc3 Nc6 13. cxd5 Qxd5 14. Re1 Bb7 15. Bd3 Rae8 16. c4 $5 ({
In his round three game with Kramnik, Kasparov opted for the less committal} 
16. Qc2) 16... Qd8 ({Anand obviously doesn't believe the piece sacrifice} 16...
Qh5 17. d5 Bd6 $6 {, which was deemed interesting by Kasparov after his game
with Kramnik. The text is of course the most sensible choice.}) 17. d5 Nb8 18.
Qc2 g6 $1 19. Ne5 ({The tactical point was} 19. Bh6 Bf6) 19... Bf6 20. Bb2 Nd7
21. f4 {Kasparov is obviously hell-bent on playing for a win.} 21... Bg7 22.
Qf2 Nc5 23. Bc2 Qd6 24. Re3 f6 25. Ng4 Rxe3 26. Qxe3 Bc8 27. f5 $5 {
The only move that keeps the game interesting.} 27... Bxf5 28. Bxf5 gxf5 29.
Nf2 Ne4 $5 30. Nxe4 ({and here Kasparov offered a draw, which Anand accepted.
The critical position arises after} 30. Nxe4 fxe4 31. Qxe4 f5 32. Qe2 Qc5+ 33.
Kh1 Bxb2 34. Qxb2 Qxc4 35. Qe5 {when White's centralised queen and Black's
exposed king would probably give Kasparov enough compensation for the pawn.
Frankly, I don't know who's better in this position, but I do know that it
deserved to be played out.}) 1/2-1/2